Δίσκος Γ.Τ.Κ. - Statistics

General Stats
  • This quiz has been taken 15 times
  • The average score is 6 of 11
Answer Stats
Τραγούδι % Correct
Αλήτικη Αγάπη
92%
Νυχτερίδες
92%
Μωβ Βροχή
83%
3000 Στροφές
75%
24ωρα
58%
Χειρότερη Γενιά
50%
Γκράφιτι
50%
SL
50%
Breakdance
42%
Κονιάκ
25%
Φ.Κ.Α.
25%
No matching quizzes found
Score Distribution
Percent of People with Each Score
Percentile by Number Answered
Your Score History
You have not taken this quiz